Online
Catalog

Un diálogo americano : (Record no. 23937)

MARC details
000 -CABECERA
campo de control de longitud fija 00883nam a2200229 a 4500
001 - NÚMERO DE CONTROL
campo de control 000024444
005 - FECHA Y HORA DE LA ÚLTIMA TRANSACCIÓN
campo de control 20200930023158.0
008 - DATOS DE LONGITUD FIJA--INFORMACIÓN GENERAL
campo de control de longitud fija 110127s2006 sp a r 000 0 spa d
020 ## - NÚMERO INTERNACIONAL ESTÁNDAR DEL LIBRO
Número Internacional Estándar del Libro 847908894X
040 ## - FUENTE DE LA CATALOGACIÓN
Centro catalogador/agencia de origen DO-SdBNP
Lengua de catalogación spa
Centro/agencia transcriptor BNPHU
082 ## - NÚMERO DE LA CLASIFICACIÓN DECIMAL DEWEY
Número de clasificación NNN
Número de documento/Ítem U54
049 ## - FONDOS LOCALES (OCLC)
Fondos de biblioteca BNGR
245 01 - MENCIÓN DE TÍTULO
Título Un diálogo americano :
Resto del título modernismo brasileño y vanguardia uruguaya (1924-1932) /
Mención de responsabilidad, etc. Pablo Rocca y Gênese Andrade editores ; investigación, recopilación y notas de Pablo Rocca ... [et al.].
260 ## - PUBLICACIÓN, DISTRIBUCIÓN, ETC.
Lugar de publicación, distribución, etc. Alicante, España :
Nombre del editor, distribuidor, etc. Universidad de Alicante,
Fecha de publicación, distribución, etc. 2006.
300 ## - DESCRIPCIÓN FÍSICA
Extensión 345 p. ;
Dimensiones 19 cm.
490 1# - MENCIÓN DE SERIE
Mención de serie Cuadernos de América sin nombre
Designación de volumen o secuencia 15
500 ## - NOTA GENERAL
Nota general Incluye notas al pie de las páginas
504 ## - NOTA DE BIBLIOGRAFÍA, ETC.
Nota de bibliografía, etc. Incluye referencias bibliográficas
700 1# - PUNTO DE ACCESO ADICIONAL--NOMBRE DE PERSONA
Nombre de persona Andrade, Gênese
Término indicativo de función/relación ed.
9 (RLIN) 50114
700 1# - PUNTO DE ACCESO ADICIONAL--NOMBRE DE PERSONA
Nombre de persona Rocca, Pablo
Término indicativo de función/relación ed.
9 (RLIN) 8972
830 #0 - PUNTO DE ACCESO ADICIONAL DE SERIE-TÍTULO UNIFORME
Título uniforme Cuadernos de América sin nombre ;
Designación de volumen o secuencia 15
9 (RLIN) 7436
Holdings
Estado de retiro Estado de pérdida Restricciones de uso No para préstamo Código de colección Localización permanente Ubicación/localización actual Ubicación en estantería Fecha de adquisición Número de inventario Total de préstamos Signatura topográfica completa Código de barras Fecha visto por última vez Precio válido a partir de Tipo de ítem Koha
        Monografías: Libros y Folletos General General En catalogación 27.01.2011 LF1   NNN U54 24444-10 25.06.2020 25.06.2020 Préstamo en sala

Powered by Koha